| 000 | 00523nam a2200157 4500 | ||
|---|---|---|---|
| 001 | 125845 | ||
| 003 | ES-MaACL | ||
| 005 | 20230906192717.0 | ||
| 007 | t| | ||
| 008 | 070214s1954 sp r ||||1| spa d | ||
| 245 | 0 | 0 |
_aReglamentaciones provinciales de trabajo _b: (agrÃcola y vaquerÃas, porteros de fincas urbanas) / _cJ. Gallego Recio. |
| 260 |
_aAvila : _b[s. n.], _c1954 ( _fTall. Tip. Nicasio Medrano) |
||
| 300 |
_a109 p. ; _c20 cm. |
||
| 700 | 1 |
_aGallego Recio, J. _953585 |
|
| 852 |
_aES-MaACL _j1978-F-7 _bR.36523 |
||
| 999 |
_c125845 _d125845 |
||